000 01202nam0a22002651 4500
001 rc\4588243
005 20260406233740.0
021 _aRU
_b[57-27945]
035 _a(NLR Aleph) 008382433
090 _a9126225
_c9126225
100 _a20130416d1957 |||y0rusy50 ca
101 0 _arus
102 _aRU
105 _aac b |||||
200 1 _aИз собрания Национальной галереи в Берлине
_eКаталог
_f[Предисл. В. Шмидта]
_gМ-во культуры ГДР. М-во культуры СССР. Гос. музей изобразит. искусств им. А.С. Пушкина. Нац. галерея в Берлине. Выставка рисунков А. Менцеля
210 _aМосква
_cИскусство
_d1957
215 _a67 с., 11 л. ил.
_cпортр.
300 _aНа обороте тит. л. сост. В. Шмидт
702 1 _aШмидт
_bВ.
_4220
_4080
710 1 0 _aМенцель,
_eМосква
_f1957
_gАдольф Эрдман
_hВыставка рисунков
_9469841
_3RU\NLR\AUTH\889987116
801 0 _aRU
_bNLR
_gpsbo
801 1 _aRU
_bELAR
_2rusmarc
852 _aNLR
_j57-6/3457
942 _cBOOK
980 _aNB